| 000 -LEADER |
| fixed length control field |
00607cam a22001457a 4500 |
| 008 - FIXED-LENGTH DATA ELEMENTS--GENERAL INFORMATION |
| fixed length control field |
180718b2001 xxu||||| |||| 00| 0 eng d |
| 082 ## - DEWEY DECIMAL CLASSIFICATION NUMBER |
| Classification number |
APPPA 2000-01 PRA |
| 100 ## - MAIN ENTRY--PERSONAL NAME |
| Personal name |
Davi Prasad, P.R. |
| 245 ## - TITLE STATEMENT |
| Title |
Intellectual property rights: review of Indian law on trade marks in the context of trade related aspects of intellectual property rights |
| Statement of responsibility, etc. |
by P.R. Devi Prasad |
| 260 ## - PUBLICATION, DISTRIBUTION, ETC. |
| Place of publication, distribution, etc. |
New Delhi |
| Name of publisher, distributor, etc. |
Indian Institute of Public Administration |
| Date of publication, distribution, etc. |
2001 |
| 300 ## - PHYSICAL DESCRIPTION |
| Extent |
v.p. |
| 650 ## - SUBJECT ADDED ENTRY--TOPICAL TERM |
| Topical term or geographic name entry element |
Trade marks - India |
| 650 ## - SUBJECT ADDED ENTRY--TOPICAL TERM |
| Topical term or geographic name entry element |
Trade Related Aspects of Intellectual Property Rights (TRIPS) |
| 650 ## - SUBJECT ADDED ENTRY--TOPICAL TERM |
| Topical term or geographic name entry element |
Intellectual Property Rights |